000 01027nas a2200337 4500
001 BR2011002709
003 BR-BrBNA
005 20231205115305.0
007 ta
008 230509b bl.|||p| |||| 00| 00por d
040 _aBR-BrBNA
_bpor
_cBiblioteca Nacional de Agricultura
041 _a(En)
072 _aK10
100 1 _aSantos, R.P.
100 1 _aÂngelo, P.C. da S.
100 1 _aSampaio, P. de T.B.
100 1 _aQuisen, R.C.
100 1 _aLeite, A.M.C.
100 1 _aOliveira, C.L. de
245 1 _aGeographic pattern of genetic diversity in natural populations of rosewood (Aniba rosaeadora), in Central Amazônia
650 _aANIBA ROSAEODORA
650 _aPAU ROSA
650 _aÓLEO ESSENCIAL
650 _aFLORESTA
650 _aGENÉTICA VEGETAL
650 _aDISTRIBUIÇÃO GEOGRÁFICA
650 _aAMAZÔNIA
773 0 _tActa Amazônia (Brazil)
_xISSN 0044-5967
_g(Sep 2008), v. 38(3) p. 459-466
_wBR2011002709
909 _a202311
_bLúcia
_c55
_dLúcia Elande
942 _2AGRIS
_n0
_cANA
999 _c213035
_d213035